| 000 | 00517nam a22001937a 4500 | ||
|---|---|---|---|
| 003 | OSt | ||
| 005 | 20221021040330.0 | ||
| 008 | 221021b |||||||| |||| 00| 0 eng d | ||
| 020 | _a1873796757 | ||
| 040 |
_aMMU _beng _cMMU _dMMU |
||
| 050 | _aBV4596 .M3B76 1999 | ||
| 100 | _aBrown Jeffrey | ||
| 245 |
_aThe total marriage: _ba guide to successful marriage / _cJeffrey Brown |
||
| 300 |
_a173 p.: _bill.; |
||
| 500 | _aIncludes index | ||
| 650 | _aMarriage | ||
| 700 | _aBrown Pattiejean | ||
| 942 |
_2lcc _cLOAN LOAN |
||
| 999 |
_c32288 _d32285 |
||